Perancangan projek binaan
| Main Author: | |
|---|---|
| Format: | Book |
| Published: |
Kuala Lumpur :
DBP ,
1990
|
| Subjects: |
MARC
| LEADER | 00000cam a2200000 7i4500 | ||
|---|---|---|---|
| 001 | 0000003793 | ||
| 002 | 000004090 | ||
| 005 | 20000330.0 | ||
| 020 | |a 9836216804 | ||
| 090 | 0 | 0 | |a 690 |b ABD |
| 100 | 0 | |a Abdul Hakim Mohamed | |
| 245 | 1 | 0 | |a Perancangan projek binaan |c Abdul Halim Muhammad |
| 260 | |a Kuala Lumpur : |b DBP , |c 1990 | ||
| 300 | |a 109p. ; |c 22cm. | ||
| 650 | 0 | 0 | |a Building |x Handbooks, manuals, etc |
| 999 | |a 024132 |b BUKU |c PINJAMAN |e PERPUSTAKAAN KOMUNITI PETALING JAYA | ||
| 999 | |a 037017 |b BUKU |c PINJAMAN |e PERPUSTAKAAN KOMUNITI PETALING JAYA | ||